01255nam a2200361Ic 450000100060000000300100000600500170001600700030003300800410003602000180007704000350009504100080013008200190013810000430015724500380020025000220023826400570026030000350031733600270035233700330037933800280041249000280044050400410046852100410050954500650055065000210061565000180063665000380065465000420069294200120073499900170074695201300076359766CO-BoRNBP20251105144307.0ta210810s20162017sp a er 000 0dspa d a9788490971284 aCO-BoRNBPbspaerdacCO-BoRNBP aspa04a572.7bP46222 aPlou Gasca, Francisco Joseeaut96655814aLas enzimas /cFrancisco J. Plou. aPrimera edición 1aMadird, España :bLos libros de la Catarata,c2017 a125 páginas :bilustraciones atextobtxt2rdacontent asin mediaciónbn2rdamedia avolumenbnc2rdacarrier0 a¿Qué sabemos de?v71 aIncluye referencias bibliográficas aRecomendado para un público adulto aIncluye datos biográficos del autor en la contracarátula07aBioquimica2LEMB07aEnzimas2lemb07aEnzimasxEnseñanza2lemb96655907aProteínas alimentarias2lemb966560 2ddccBK c59766d59766 00102ddc40708GENaMEMAPJGAbMEMAPJGAcGENd2025-11-05l0o572.7 P46pMPJG00781r2025-11-05 14:43:52tEj.1w2025-11-05yBK